00342nam a2200133Ia 45000010005000000080041000050200022000460820023000681000020000912450024001112600031001359010027001669990015001932497241024s9999 xx 000 0 und d a978-9945-020-38-0 aRD/923.27293/C343p aRoberto Cassá 0aPadres de la Patria bEditora Alfa & Omegac2008 a19/9/2012 2:50:59 p.m. c7652d7652